000 00413nam a22001697a 4500
003 OSt
005 20260520101221.0
008 260520b |||||||| |||| 00| 0 eng d
020 _a9789355510297
082 _a005.8 OZP
100 _aOZKAYA,Erdal
245 _aPractical Cyber Threat Intelligence
250 _a1st Ed Rep
260 _aNew Delhi
_bBPB Publications
_c2025
300 _a428p.
942 _2ddc
_cBK
999 _c13977
_d13977